Sports Quiz

Random Sports or Numbers Quiz

Pitching Grips Quiz Stats

Quiz not verified by Sporcle

Challenge
Share
Tweet
Score 0/10 Timer 03:00
1 Play Today
Number Pitch % Correct
9.Knuckleball
86.8%
2.Two Seam Fastball
86.5%
4.Split Finger Fastball
86.5%
1.Four Seam Fastball
84%
5.Curveball
73.3%
6.Circle Changeup
72.6%
7.Slider
70.5%
8.Three-Finger Changeup
66.9%
3.Cut Fastball
44.5%
10.Sinker
37.7%

You're not logged in!

Compare scores with friends on all Sporcle quizzes.
Join for Free
OR
Log In

You Might Also Like...

Show Comments

Extras

Created Jun 11, 2010ReportNominate
Tags:Numbers Quiz, pitch, pitching

Top Quizzes Today


Score Distribution

Your Account Isn't Verified!

In order to create a playlist on Sporcle, you need to verify the email address you used during registration. Go to your Sporcle Settings to finish the process.

Report this User

Report this user for behavior that violates our Community Guidelines.

Details: